| 000 | 00926nam a2200181 a 4500 | ||
|---|---|---|---|
| 001 | 58704 | ||
| 005 | 20180714055414.0 | ||
| 008 | 140415s2008 ag 000 0 spa d | ||
| 041 | _aspa | ||
| 082 |
_a808.899282 _bARG |
||
| 100 | 1 | _aARGENTINA. MINISTERIODE EDUCACION | |
| 245 | 1 | 0 |
_aCUENTOS PARA SEGUIR CRECIENDO : _bPARA LOS ESTUDIANTES QUE TERMINAN LA EDUCACION PRIMARIA |
| 250 | _a1a ed. | ||
| 260 |
_aARGENTINA : _bMINISTERIO DE EDUCACION, _c2008 |
||
| 300 |
_a143 _c13.5 x 1 x 21 |
||
| 520 | _aESTE LIBRO ES LA REPRESENTACION DE UNA ETAPA QUE EL ALUMNO HA FINALIZADO. ES LA PRUEBA DEL ESFUERZO , LA CONSTANCIA Y LOS DESEOS DE APRENDER . PARA ELLO , LA LECTURA ES UN INSTRUMENTO FUNDAMENTAL, POR ESA RAZON , EN EL MINISTERIO DE EDUCACION PENSAMOS QUE EL MEJOR INSTRUMENTO QUE PODIAMOS ENVIARLE ES UN CONJUNTO DE BUENAS LECTURAS. | ||
| 650 | 1 | 4 |
_aLITERATURA JUVENIL _xLITERATURA JUVENIL _xEDUCACION PRIMARIA |
| 999 |
_c58704 _d58704 |
||